[Event "chess.com SpeedChess Q1Sw"]
[Site "chess.com INT"]
[Date "2022.11.10"]
[Round "2"]
[White "Gireman, Ja"]
[Black "Gabrielian, Artur"]
[Result "0-1"]
[WhiteTitle "CM"]
[BlackTitle "GM"]
[WhiteElo "2185"]
[BlackElo "2460"]
[WhiteFideId "5043794"]
[BlackFideId "4131002"]
[EventDate "2022.11.10"]

1. e4 c5 2. Nf3 d6 3. d4 cxd4 4. Nxd4 Nf6 5. Nc3 Nc6 6. Be2 e6 7. g4 Be7 8. g5
Nd7 9. h4 a6 10. f4 O-O 11. Be3 Nxd4 12. Bxd4 b5 13. f5 Bb7 14. Bf3 b4 15. Nb1
exf5 16. exf5 Bxf3 17. Qxf3 Re8 18. O-O Rc8 19. Nd2 Bf8 20. Ne4 d5 21. Ng3 Rxc2
22. g6 Ne5 23. Bxe5 Bc5+ 24. Rf2 Rxf2 0-1

[Event "chess.com SpeedChess Q1Sw"]
[Site "chess.com INT"]
[Date "2022.11.10"]
[Round "2"]
[White "Lazavik, Denis"]
[Black "Harsha, Bharathakoti"]
[Result "1-0"]
[WhiteTitle "IM"]
[BlackTitle "GM"]
[WhiteElo "2529"]
[BlackElo "2582"]
[WhiteFideId "13515110"]
[BlackFideId "5078776"]
[EventDate "2022.11.10"]

1. d4 Nf6 2. c4 e6 3. Nf3 d5 4. g3 dxc4 5. Bg2 a6 6. O-O Nc6 7. e3 Rb8 8. Nfd2
e5 9. Bxc6+ bxc6 10. dxe5 Ng4 11. Nxc4 Be6 12. Nbd2 Bb4 13. b3 Bc3 14. Bb2 Bxb2
15. Nxb2 Nxe5 16. f3 h5 17. Qe2 h4 18. g4 O-O 19. Rad1 Qf6 20. Ne4 Qg6 21. Nc5
f5 22. Nbd3 Nxd3 23. Qxd3 Bd5 24. Nd7 Qg5 25. Nxb8 fxg4 26. f4 Qe7 27. Nxc6 1-0

[Event "chess.com SpeedChess Q1Sw"]
[Site "chess.com INT"]
[Date "2022.11.10"]
[Round "2"]
[White "Samadov, Read"]
[Black "Tsydypov, Zhamsaran"]
[Result "1/2-1/2"]
[WhiteTitle "FM"]
[BlackTitle "GM"]
[WhiteElo "2450"]
[BlackElo "2534"]
[WhiteFideId "13417444"]
[BlackFideId "4108566"]
[EventDate "2022.11.10"]

1. d4 Nf6 2. c4 e6 3. Nf3 Bb4+ 4. Bd2 c5 5. g3 b6 6. Bg2 Bb7 7. O-O Bxd2 8. Qxd2
O-O 9. Nc3 cxd4 10. Qxd4 Nc6 11. Qd2 Na5 12. b3 d5 13. cxd5 Nxd5 14. Rfd1 Nxc3
15. Qxc3 Qf6 16. Qxf6 gxf6 17. Nd4 Bxg2 18. Kxg2 Rac8 19. Rac1 a6 20. e3 f5 21.
h3 Kg7 22. g4 fxg4 23. hxg4 Nb7 24. f4 Nc5 25. Kf3 h6 26. Rc2 Rfd8 27. Rdc1 Ra8
28. Ke2 Rd7 29. b4 Ne4 30. Rc7 Rad8 31. Kf3 Nd2+ 32. Ke2 Ne4 33. R1c6 Rxc7 34.
Rxc7 Kf6 35. Rc6 Rb8 36. Kf3 Nd2+ 37. Ke2 Ne4 38. a4 Ke7 39. Rxe6+ fxe6 40. Nc6+
Kd6 41. Nxb8 a5 42. bxa5 bxa5 43. Na6 Nc3+ 44. Kd3 Nxa4 45. g5 hxg5 46. fxg5 Nb6
47. g6 Ke7 48. Nc5 Kf6 49. g7 Kxg7 50. Nxe6+ Kf6 51. Nc5 a4 52. Nxa4 Nxa4 53. e4
Nc5+ 54. Kd4 Nxe4 1/2-1/2

[Event "chess.com SpeedChess Q1Sw"]
[Site "chess.com INT"]
[Date "2022.11.10"]
[Round "2"]
[White "Rohith, Krishna S"]
[Black "Borgaonkar, Akshay"]
[Result "1-0"]
[WhiteTitle "FM"]
[BlackTitle "CM"]
[WhiteElo "2380"]
[BlackElo "2135"]
[WhiteFideId "46617051"]
[BlackFideId "25639110"]
[EventDate "2022.11.10"]

1. Nf3 b6 2. g3 Bb7 3. Bg2 Nf6 4. O-O g6 5. c4 Bg7 6. d4 O-O 7. Nc3 Ne4 8. Qc2
Nxc3 9. bxc3 d5 10. cxd5 Bxd5 11. c4 Bb7 12. Bb2 Nd7 13. d5 Nc5 14. a4 a5 15. h4
h5 16. Bxg7 Kxg7 17. e4 Bc8 18. Nd4 e5 19. Nc6 Qd6 20. f4 exf4 21. e5 Qd7 22.
Rxf4 Bb7 23. e6 Qd6 24. Qc3+ Kh6 25. e7 Rg8 26. Rxf7 Bxc6 27. Raf1 Bd7 28. Qe3+
g5 29. R1f6+ Rg6 30. Qxg5# 1-0

[Event "chess.com SpeedChess Q1Sw"]
[Site "chess.com INT"]
[Date "2022.11.10"]
[Round "2"]
[White "Eljanov, Pavel"]
[Black "Danielyan, Vahe"]
[Result "1-0"]
[WhiteTitle "GM"]
[BlackTitle "IM"]
[WhiteElo "2706"]
[BlackElo "2307"]
[WhiteFideId "14102951"]
[BlackFideId "13304828"]
[EventDate "2022.11.10"]

1. c4 g6 2. g3 Bg7 3. Bg2 f5 4. Nc3 Nf6 5. d4 O-O 6. Nf3 d6 7. O-O Nc6 8. d5 Ne5
9. Nxe5 dxe5 10. c5 e6 11. Bg5 e4 12. Qb3 Qe7 13. Rfd1 h6 14. d6 cxd6 15. cxd6
Qf7 16. Bf4 Bd7 17. Be5 Ng4 18. Bxg7 Qxg7 19. e3 Ne5 20. Nb5 Rac8 21. Nc7 Qf7
22. Qxb7 Rb8 23. Qxa7 Nd3 24. Qd4 e5 25. Qc3 Rfc8 26. Bf1 Kg7 27. Bxd3 exd3 28.
Rxd3 Qf6 29. Rd5 e4 30. Qxf6+ Kxf6 31. b3 Rb6 32. Rad1 h5 33. h4 Rc6 34. R5d2
Rb8 35. b4 Kf7 36. b5 Rc3 37. a4 Ra3 38. Rd4 Ra2 39. Kg2 Rg8 40. Na6 Rc8 41. Nc7
Rg8 42. b6 g5 43. hxg5 Rxg5 44. b7 Rg8 45. Na6 Bxa4 46. b8=Q Rxb8 47. Nxb8 Bxd1 1-0

[Event "chess.com SpeedChess Q1Sw"]
[Site "chess.com INT"]
[Date "2022.11.10"]
[Round "2"]
[White "Mitrabha, Guha"]
[Black "Kazakov, Mikhail"]
[Result "1-0"]
[WhiteTitle "GM"]
[BlackTitle "GM"]
[WhiteElo "2474"]
[BlackElo "2513"]
[WhiteFideId "5057000"]
[BlackFideId "14102749"]
[EventDate "2022.11.10"]

1. d4 Nf6 2. Nc3 d6 3. e4 g6 4. Bf4 Bg7 5. Qd2 Nc6 6. Nf3 O-O 7. d5 e5 8. Bh6
Nb4 9. Bxg7 Kxg7 10. a3 Na6 11. Bxa6 bxa6 12. O-O Nh5 13. Ne1 f5 14. exf5 gxf5
15. Nd3 Qf6 16. f4 Kh8 17. fxe5 dxe5 18. Rae1 e4 19. Nxe4 Qb6+ 20. Kh1 Bd7 21.
Nec5 Rad8 22. Re7 Bb5 23. c4 Bxc4 24. Re6 Bxd3 25. Rxb6 Bxf1 26. Qd4+ Kg8 27.
Rh6 Ng7 28. Rh3 Rf7 29. Rg3 Rd6 30. Ne6 1-0

[Event "chess.com SpeedChess Q1Sw"]
[Site "chess.com INT"]
[Date "2022.11.10"]
[Round "2"]
[White "Runets, Ivan"]
[Black "Ter-Sahakyan, Samvel"]
[Result "0-1"]
[WhiteTitle "FM"]
[BlackTitle "GM"]
[WhiteElo "2176"]
[BlackElo "2605"]
[WhiteFideId "13511564"]
[BlackFideId "13302531"]
[EventDate "2022.11.10"]

1. d4 Nf6 2. c4 e6 3. Nc3 Bb4 4. e3 O-O 5. Bd3 d5 6. Ne2 b6 7. O-O Bb7 8. Qc2
Re8 9. b3 a6 10. Bb2 Nbd7 11. Rac1 Bd6 12. h3 h6 13. e4 dxe4 14. Nxe4 Nxe4 15.
Bxe4 Bxe4 16. Qxe4 e5 17. Rfe1 exd4 18. Qxd4 Be5 19. Qd2 Bxb2 20. Qxb2 Nc5 21.
Rcd1 Qg5 22. Qc2 Qe5 23. Qb1 g6 24. Nd4 Qf6 25. Nf3 a5 26. Qc2 Ne6 27. Rd7 Nf4
28. Rxe8+ Rxe8 29. Nd4 Qg5 30. g3 Nxh3+ 31. Kh2 Qh5 32. Kg2 Ng5 33. Rd5 Qh3+ 0-1

[Event "chess.com SpeedChess Q1Sw"]
[Site "chess.com INT"]
[Date "2022.11.10"]
[Round "2"]
[White "Tarnowska, Aleksandra"]
[Black "Firat, Burak"]
[Result "0-1"]
[WhiteTitle "WCM"]
[BlackTitle "GM"]
[WhiteElo "1835"]
[BlackElo "2460"]
[WhiteFideId "1180967"]
[BlackFideId "6305881"]
[EventDate "2022.11.10"]

1. e4 c6 2. d4 d5 3. Nc3 dxe4 4. Nxe4 Nf6 5. Nxf6+ exf6 6. Nf3 Bd6 7. Be3 O-O 8.
Qd2 Bg4 9. Bd3 Nd7 10. h3 Bxf3 11. gxf3 Nb6 12. O-O-O Re8 13. Rdg1 Bf8 14. c3
Qd5 15. Kb1 Rad8 16. Bh6 Qh5 17. Bf4 Nd5 18. Rg4 a6 19. Rhg1 g6 20. h4 c5 21.
Be3 b5 22. Bc2 Bg7 23. Bb3 f5 24. Rg5 Qxh4 25. Bxd5 Rxd5 26. f4 cxd4 27. Bxd4
Bxd4 28. cxd4 Re4 29. Qc3 Qxf4 30. Qc8+ Kg7 31. Qxa6 Rexd4 32. a3 Rd1+ 33. Ka2
Qc4+ 34. b3 Qc2# 0-1

[Event "chess.com SpeedChess Q1Sw"]
[Site "chess.com INT"]
[Date "2022.11.10"]
[Round "2"]
[White "Lee, Addison"]
[Black "Yang, Kaiqi"]
[Result "0-1"]
[BlackTitle "GM"]
[WhiteElo "2079"]
[BlackElo "2481"]
[WhiteFideId "30924570"]
[BlackFideId "8604398"]
[EventDate "2022.11.10"]

1. e4 c5 2. Nf3 d6 3. d3 Nf6 4. Nbd2 g6 5. g3 Bg7 6. Bg2 O-O 7. O-O Nc6 8. c3
Rb8 9. a4 b6 10. Re1 Ba6 11. Nb3 e5 12. Qc2 Re8 13. h3 h6 14. Be3 d5 15. Rad1 d4
16. Bc1 Rc8 17. Bf1 Qd7 18. Nbd2 Na5 19. c4 Nc6 20. b3 Nb4 21. Qb2 Bb7 22. Kh2
Nh7 23. Nb1 f5 24. Bd2 fxe4 25. dxe4 Rf8 26. Bxb4 Rxf3 27. Bg2 Rf7 28. Ba3 Rcf8
29. Rd2 h5 30. b4 Bh6 31. Ree2 Bxd2 32. Qxd2 cxb4 33. Bxb4 Rc8 34. Qd3 Qxa4 35.
Be1 Qxc4 36. Qxc4 Rxc4 37. Ra2 Bc8 38. Bd2 Be6 39. Rb2 Rxf2 40. Na3 Rc7 41. Nb5
Rd7 0-1

[Event "chess.com SpeedChess Q1Sw"]
[Site "chess.com INT"]
[Date "2022.11.10"]
[Round "2"]
[White "Krzyzanowski, Marcin"]
[Black "Narayanan, S.L."]
[Result "0-1"]
[WhiteTitle "GM"]
[BlackTitle "GM"]
[WhiteElo "2538"]
[BlackElo "2673"]
[WhiteFideId "1132199"]
[BlackFideId "5058422"]
[EventDate "2022.11.10"]

1. d4 c5 2. d5 g6 3. e4 Bg7 4. Nc3 a6 5. h4 h5 6. a4 d6 7. Nf3 Bg4 8. Be2 Bxf3
9. Bxf3 Nd7 10. a5 Ngf6 11. Be2 Rb8 12. Kf1 Ne5 13. Bf4 Nfd7 14. Rh3 b5 15. axb6
Rxb6 16. b3 Ng4 17. Bxg4 hxg4 18. Qxg4 Rb4 19. Qe2 c4 20. bxc4 Qc8 21. Rc1 Rxc4
22. Nd1 Nf6 23. Bg5 Rxe4 24. Qd3 Qc4 25. Ne3 Qd4 26. Rb1 O-O 27. Bxf6 Bxf6 28.
h5 Qxd3+ 29. cxd3 Rd4 30. hxg6 fxg6 31. Ke2 a5 32. Rg3 a4 33. Nc4 Ra8 34. Rxg6+
Kf7 35. Rh6 a3 36. Nxd6+ Kf8 37. Rh8+ Bxh8 38. Nb5 a2 39. Rh1 Bg7 40. Nxd4 Bxd4 0-1

[Event "chess.com SpeedChess Q1Sw"]
[Site "chess.com INT"]
[Date "2022.11.10"]
[Round "2"]
[White "Ibarra Jerez, Jose Carlos"]
[Black "Mamedov, Rauf"]
[Result "0-1"]
[WhiteTitle "GM"]
[BlackTitle "GM"]
[WhiteElo "2557"]
[BlackElo "2646"]
[WhiteFideId "2226332"]
[BlackFideId "13401653"]
[EventDate "2022.11.10"]

1. Nf3 Nf6 2. g3 g6 3. b3 d6 4. d4 Bg7 5. Bb2 O-O 6. Bg2 b5 7. Nfd2 c6 8. c4
bxc4 9. Nxc4 Be6 10. O-O Bd5 11. f3 Nbd7 12. Nbd2 Nb6 13. Rc1 Nxc4 14. Nxc4 Rc8
15. e4 Bxc4 16. Rxc4 d5 17. Rc2 Qb6 18. e5 Nd7 19. f4 e6 20. Ba3 Rfd8 21. g4 c5
22. dxc5 Nxc5 23. Qd4 Nd3 24. Qxb6 axb6 25. Rd2 Nc5 26. g5 Ra8 27. Bc1 Rdc8 28.
Kf2 Bf8 29. Ke2 Rc7 30. Rfd1 Na6 31. Kf1 Nb4 32. a3 Nc2 33. Re2 Bxa3 34. Bxa3
Rxa3 35. Rb1 Nd4 36. Rd2 Rxb3 37. Rxb3 Nxb3 38. Ra2 Rc4 39. Rf2 Nc5 40. h4 Nd3
41. Rd2 Rxf4+ 42. Kg1 Nxe5 43. Rc2 Rxh4 0-1

[Event "chess.com SpeedChess Q1Sw"]
[Site "chess.com INT"]
[Date "2022.11.10"]
[Round "2"]
[White "Xiong, Jeffery"]
[Black "Sattarov, Bobir"]
[Result "1-0"]
[WhiteTitle "GM"]
[WhiteElo "2692"]
[BlackElo "2433"]
[WhiteFideId "2047640"]
[BlackFideId "14203081"]
[EventDate "2022.11.10"]

1. e4 e5 2. Nf3 Nc6 3. Nc3 Nf6 4. d4 exd4 5. Nxd4 d6 6. Bb5 Bd7 7. Bf4 Be7 8.
Nxc6 Bxc6 9. Bxc6+ bxc6 10. e5 Ng8 11. exd6 cxd6 12. Qf3 d5 13. Qg3 Bf6 14.
O-O-O Ne7 15. Ne4 Bxb2+ 16. Kxb2 Qb6+ 17. Ka1 dxe4 18. Qxg7 Rg8 19. Qe5 Qxf2 20.
Rhe1 f5 21. Rb1 Rd8 22. Be3 Qxc2 23. Rb7 Rd7 24. Reb1 Rxb7 25. Rxb7 Qd1+ 26. Rb1
Qd5 27. Qf6 Kd7 28. Rb7+ Kc8 29. Qxe7 Qd1+ 30. Rb1 1-0

[Event "chess.com SpeedChess Q1Sw"]
[Site "chess.com INT"]
[Date "2022.11.10"]
[Round "2"]
[White "Sadhwani, Raunak"]
[Black "Pichot, Alan"]
[Result "1-0"]
[WhiteTitle "GM"]
[BlackTitle "GM"]
[WhiteElo "2628"]
[BlackElo "2637"]
[WhiteFideId "35093487"]
[BlackFideId "110973"]
[EventDate "2022.11.10"]

1. e4 e5 2. Nf3 Nc6 3. Bc4 Bc5 4. d3 Nf6 5. O-O h6 6. c3 d6 7. Re1 a5 8. Nbd2
O-O 9. h3 Be6 10. Bb5 Qb8 11. Bxc6 bxc6 12. d4 exd4 13. cxd4 Bb6 14. Nf1 d5 15.
e5 Ne4 16. N1d2 Nxd2 17. Bxd2 c5 18. Qc1 cxd4 19. Bxh6 gxh6 20. Qxh6 Qd8 21. g4
f6 22. g5 Qd7 23. gxf6 Qh7 24. Qxh7+ Kxh7 25. Ng5+ Kg6 26. Nxe6 Rfe8 27. Ng7 Rf8
28. Rad1 c5 29. Rd3 c4 30. Rg3+ Kf7 31. Rf3 Kg6 32. Kh1 d3 33. Rg1+ Kh7 34. Rf5
Bd4 35. Ne6 1-0

[Event "chess.com SpeedChess Q1Sw"]
[Site "chess.com INT"]
[Date "2022.11.10"]
[Round "2"]
[White "Bartel, Mateusz"]
[Black "Dushyant, Sharma"]
[Result "1-0"]
[WhiteTitle "GM"]
[BlackTitle "IM"]
[WhiteElo "2627"]
[BlackElo "2370"]
[WhiteFideId "1112635"]
[BlackFideId "25065130"]
[EventDate "2022.11.10"]

1. e4 e5 2. Nc3 Nf6 3. g3 d5 4. exd5 Nxd5 5. Bg2 Nxc3 6. bxc3 Nc6 7. d3 Bc5 8.
Nf3 O-O 9. O-O Bg4 10. Rb1 Rb8 11. Qe1 Qf6 12. Qe4 Bf5 13. Qc4 Bb6 14. Ng5 h6
15. Ne4 Qg6 16. a4 Be6 17. Qb5 a6 18. Qb2 f5 19. Nd2 f4 20. Ne4 Rf7 21. Qa3 Rbf8
22. Rxb6 cxb6 23. f3 Bd5 24. gxf4 exf4 25. Kh1 Ne5 26. Qb4 Rf5 27. Qd4 Bc6 28.
Rg1 Qh5 29. Qf2 Bxa4 30. c4 Bc6 31. Bb2 Kh8 32. Qd4 R8f7 33. Rf1 Qh4 34. Nd6 Rh5
35. Nxf7+ Nxf7 36. Qxg7# 1-0

[Event "chess.com SpeedChess Q1Sw"]
[Site "chess.com INT"]
[Date "2022.11.10"]
[Round "2"]
[White "Terry, Renato"]
[Black "Dixit, Nikhil"]
[Result "1-0"]
[WhiteTitle "IM"]
[BlackTitle "FM"]
[WhiteElo "2516"]
[BlackElo "2306"]
[WhiteFideId "3803457"]
[BlackFideId "5059534"]
[EventDate "2022.11.10"]

1. d4 Nf6 2. Bg5 d5 3. Bxf6 gxf6 4. e3 c6 5. c4 e6 6. Nc3 Bb4 7. Qb3 Qa5 8. Nf3
Bxc3+ 9. bxc3 Nd7 10. Bd3 h5 11. O-O b6 12. cxd5 cxd5 13. Bb5 Ba6 14. a4 Rc8 15.
Rfc1 Bb7 16. Rab1 Bc6 17. c4 dxc4 18. Rxc4 Bb7 19. Rbc1 Rxc4 20. Qxc4 O-O 21.
Bxd7 Rd8 22. Qb5 Bxf3 23. gxf3 Qd2 24. Rf1 Kg7 25. Bc6 Rg8 26. Kh1 h4 27. f4 h3
28. Bf3 Kf8 29. Qe2 Qb4 30. Qc2 Rg6 31. Bh5 Rg7 32. Qc8+ Ke7 33. Qc7+ Ke8 34.
Rc1 f5 35. Bf3 Qd2 36. Bc6+ Kf8 37. Qd8# 1-0

[Event "chess.com SpeedChess Q1Sw"]
[Site "chess.com INT"]
[Date "2022.11.10"]
[Round "2"]
[White "Rustemov, Alexander"]
[Black "Ahn, Hongjin"]
[Result "1-0"]
[WhiteTitle "GM"]
[BlackTitle "IM"]
[WhiteElo "2525"]
[BlackElo "2282"]
[WhiteFideId "4119002"]
[BlackFideId "13201492"]
[EventDate "2022.11.10"]

1. d4 d5 2. c4 e6 3. Nc3 a6 4. cxd5 exd5 5. Nf3 c6 6. Bf4 Bd6 7. Bg3 Ne7 8. e3
O-O 9. Qb3 b5 10. Bxd6 Qxd6 11. Be2 Nd7 12. O-O Nb6 13. Qd1 Bf5 14. b3 f6 15.
Qd2 Rfe8 16. Rfc1 Rac8 17. Ne1 Rc7 18. Nd3 Bxd3 19. Bxd3 Qe6 20. Ne2 Nbc8 21.
Rc5 Nd6 22. Rac1 Nb7 23. R5c3 Nf5 24. Nf4 Qd7 25. Qc2 Nbd6 26. Rxc6 Rxc6 27.
Qxc6 Qxc6 28. Rxc6 Ne4 29. Nxd5 b4 30. Rxa6 Nh4 31. Nxb4 Nc3 32. Nc6 Ng6 33. b4
Nf4 34. Bc4+ Kh8 35. g3 Nfe2+ 36. Kf1 Nc1 37. a4 N1a2 38. Bxa2 Nxa2 39. b5 Nc3
40. b6 Ne4 41. b7 Nd2+ 42. Kg2 1-0

[Event "chess.com SpeedChess Q1Sw"]
[Site "chess.com INT"]
[Date "2022.11.10"]
[Round "2"]
[White "Bok, Benjamin"]
[Black "Nguyen Hong Nhung"]
[Result "1-0"]
[WhiteTitle "GM"]
[BlackTitle "WFM"]
[WhiteElo "2618"]
[BlackElo "2003"]
[WhiteFideId "1017063"]
[BlackFideId "12412201"]
[EventDate "2022.11.10"]

1. d4 Nf6 2. c4 c5 3. Nf3 cxd4 4. Nxd4 g6 5. g3 Bg7 6. Bg2 O-O 7. Nc3 Nc6 8. O-O
Qa5 9. e3 Rb8 10. Bd2 Nxd4 11. exd4 d6 12. Re1 Re8 13. h3 Qb6 14. b3 Qxd4 15.
Nb5 Qd3 16. Be3 Qxd1 17. Raxd1 b6 18. Nxa7 Bb7 19. Nc6 Rbc8 20. Nb4 Bxg2 21.
Kxg2 Nd7 22. Nd5 Rb8 23. Bg5 e6 24. Ne7+ Kf8 25. Nc6 Ra8 26. Rxd6 Nc5 27. Re2
Rec8 28. Nd4 Rc7 29. Nb5 Rb7 30. Be3 Ke7 31. Rxb6 Rbb8 32. Bxc5+ Ke8 33. Nc7+ 1-0

[Event "chess.com SpeedChess Q1Sw"]
[Site "chess.com INT"]
[Date "2022.11.10"]
[Round "2"]
[White "Leiva, Gianmarco"]
[Black "Fathy, Elameir"]
[Result "1-0"]
[WhiteTitle "IM"]
[BlackTitle "FM"]
[WhiteElo "2366"]
[BlackElo "2300"]
[WhiteFideId "3804399"]
[BlackFideId "10600396"]
[EventDate "2022.11.10"]

1. e4 c5 2. Nf3 d6 3. d4 cxd4 4. Nxd4 Nf6 5. Nc3 a6 6. Bg5 e6 7. f4 Be7 8. Qf3
Qc7 9. O-O-O Nbd7 10. Bd3 b5 11. Rhe1 Bb7 12. Qg3 b4 13. Nd5 exd5 14. exd5 Kd8
15. Nf5 Bf8 16. Qe3 Kc8 17. Qe8+ Nxe8 18. Rxe8+ Qd8 19. Bxd8 Bxd5 20. Ne7+ Bxe7
21. Rxh8 Bxd8 22. Bf5 Be6 23. Bxe6 fxe6 24. Rxd6 Kc7 25. Rxe6 Nf6 26. Rf8 Kd7
27. f5 Nh5 28. Rf7+ Kc8 29. g4 Nf4 30. Rc6+ Kb8 31. Rc4 Nd5 32. Rd4 Bg5+ 33. Kb1
Nc7 34. Rxb4+ Kc8 35. Rxg7 a5 36. Rc4 Bd8 37. Rxh7 Ra6 38. a4 Rd6 39. c3 Kb8 40.
Rh8 Kb7 41. Rd4 1-0

[Event "chess.com SpeedChess Q1Sw"]
[Site "chess.com INT"]
[Date "2022.11.10"]
[Round "2"]
[White "Harshavardhan, G B"]
[Black "Rostomyan, Mikayel"]
[Result "1-0"]
[WhiteTitle "IM"]
[BlackTitle "CM"]
[WhiteElo "2426"]
[BlackElo "2219"]
[WhiteFideId "25059009"]
[BlackFideId "13313754"]
[EventDate "2022.11.10"]

1. d4 Nf6 2. c4 c5 3. d5 b5 4. Nd2 b4 5. e4 d6 6. b3 g6 7. Bb2 Bg7 8. Bd3 O-O 9.
a3 a5 10. Ne2 Nbd7 11. a4 Re8 12. Rb1 e6 13. O-O exd5 14. exd5 Ne5 15. Bc2 Bg4
16. h3 Bh5 17. Re1 Qd7 18. f4 Nf3+ 19. Nxf3 Bxf3 20. gxf3 Qxh3 21. Rf1 Nh5 22.
Rf2 Bxb2 23. Rxb2 Re3 24. Qf1 Qd7 25. f5 Rae8 26. fxg6 hxg6 27. Be4 f5 28. Qc1
Qg7 29. Qxe3 Qxb2 30. Nf4 Qa1+ 31. Rf1 Qf6 32. Nxh5 gxh5 33. Qf4 Qg7+ 34. Kh1 1-0

[Event "chess.com SpeedChess Q1Sw"]
[Site "chess.com INT"]
[Date "2022.11.10"]
[Round "2"]
[White "Sokac, Marko"]
[Black "Klekowski, Maciej"]
[Result "0-1"]
[WhiteTitle "FM"]
[BlackTitle "GM"]
[WhiteElo "2265"]
[BlackElo "2466"]
[WhiteFideId "14531356"]
[BlackFideId "1132717"]
[EventDate "2022.11.10"]

1. e4 c5 2. a3 e6 3. b4 cxb4 4. axb4 Bxb4 5. c3 Be7 6. d4 d6 7. Bd3 Nc6 8. f4
Nf6 9. Nf3 b6 10. O-O Bb7 11. Nbd2 Qc7 12. e5 Nd5 13. Ne4 dxe5 14. fxe5 Na5 15.
Bg5 Nxc3 16. Nxc3 Qxc3 17. Bxe7 Kxe7 18. Rc1 Qb4 19. Rc7+ Ke8 20. Kh1 Rc8 21.
Rxf7 Kxf7 22. Ng5+ Ke8 23. Qh5+ Kd8 24. Nxe6+ Kd7 25. Rf7+ Kxe6 26. Qf5+ Kd5 27.
Rd7+ Kc6 28. Be4+ Kb5 29. Qf1+ Ka4 30. Bxb7 Nxb7 31. Rxb7 a5 32. d5 Rhf8 33.
Qd1+ Qb3 34. Qa1+ Kb5 35. d6 Qd3 36. Qb2+ Kc4 37. Qc1+ Kd5 0-1

[Event "chess.com SpeedChess Q1Sw"]
[Site "chess.com INT"]
[Date "2022.11.10"]
[Round "2"]
[White "Vasquez Schroeder, Rodrigo"]
[Black "Petrosyan, Manuel"]
[Result "1/2-1/2"]
[WhiteTitle "GM"]
[BlackTitle "GM"]
[WhiteElo "2515"]
[BlackElo "2621"]
[WhiteFideId "3400042"]
[BlackFideId "13300857"]
[EventDate "2022.11.10"]

1. e4 c6 2. d4 d5 3. exd5 cxd5 4. c4 Nf6 5. Nc3 e6 6. Nf3 Nc6 7. cxd5 Nxd5 8.
Bd3 Be7 9. O-O b6 10. Bb5 Bd7 11. Nxd5 exd5 12. Qa4 Rc8 13. Bf4 O-O 14. Rac1 Nb8
15. Rxc8 Qxc8 16. Bxb8 Bxb5 17. Qxb5 Qxb8 18. Qxd5 Rd8 19. Qe4 Bf6 20. Rd1 Qd6
21. g3 g6 22. a3 Kg7 23. Kg2 h5 24. h4 b5 25. Rd2 a5 26. d5 b4 27. axb4 Qxb4 28.
Qxb4 axb4 29. b3 Kf8 30. Rd3 Rc8 31. Kf1 Ke7 32. Nd2 Rc2 33. Ne4 Be5 34. f4 Bd6
35. Re3 Kd7 36. Ke1 Rb2 37. Kd1 Rg2 38. Rd3 Rb2 39. Kc1 Re2 40. Nd2 Bc5 41. Nc4
f6 42. Kd1 Rg2 43. Nd2 Bf2 44. Ne4 f5 45. Nxf2 Rxf2 46. Ke1 Rb2 47. Re3 Kd6 48.
Rd3 Rg2 49. Kf1 Rb2 50. Ke1 Rc2 51. Kd1 Rb2 52. Kc1 Rg2 53. Kd1 Rb2 54. Ke1 1/2-1/2

[Event "chess.com SpeedChess Q1Sw"]
[Site "chess.com INT"]
[Date "2022.11.10"]
[Round "2"]
[White "Pranav, Anand"]
[Black "Bluebaum, Matthias"]
[Result "1-0"]
[WhiteTitle "IM"]
[BlackTitle "GM"]
[WhiteElo "2502"]
[BlackElo "2651"]
[WhiteFideId "46626786"]
[BlackFideId "24651516"]
[EventDate "2022.11.10"]

1. d4 Nf6 2. c4 e6 3. g3 d5 4. Nf3 Be7 5. Bg2 O-O 6. O-O c6 7. Qc2 b6 8. Nc3 a5
9. Rd1 Ba6 10. Ne5 Nfd7 11. cxd5 cxd5 12. Nxd5 exd5 13. Nxf7 Rxf7 14. Bxd5 Ra7
15. Bf4 Nf6 16. Be6 Bd6 17. Be5 Kh8 18. Bxf7 Rxf7 19. e4 Ng4 20. f4 h6 21. Qb3
Rd7 22. Bxd6 Rxd6 23. Qf3 Nf6 24. e5 Rxd4 25. exf6 Qxf6 26. Re1 Nc6 27. Rac1 Bb7
28. Re8+ Kh7 29. Qe2 Nb4 30. Rc7 Ba6 31. Qf3 Nd5 32. Rd7 Rd3 33. Qe4+ Qg6 34. f5
Qf6 35. Rxd5 Rxd5 36. Qxd5 h5 37. Qg8+ Kh6 38. Re6 Bc4 39. Rxf6+ gxf6 40. Qxc4
Kg5 41. Qb5 Kg4 42. Qxb6 a4 43. Qb4+ Kh3 44. Qh4# 1-0

[Event "chess.com SpeedChess Q1Sw"]
[Site "chess.com INT"]
[Date "2022.11.10"]
[Round "2"]
[White "Aitbayev, Aslan"]
[Black "Sevian, Samuel"]
[Result "1-0"]
[WhiteTitle "IM"]
[BlackTitle "GM"]
[WhiteElo "2421"]
[BlackElo "2687"]
[WhiteFideId "13704613"]
[BlackFideId "2040506"]
[EventDate "2022.11.10"]

1. e4 e5 2. Nf3 Nf6 3. d4 Nxe4 4. Bd3 Nc6 5. dxe5 Nc5 6. O-O d5 7. Bb5 Be7 8.
Nd4 Bd7 9. Bxc6 bxc6 10. Nc3 Rb8 11. f4 g6 12. f5 gxf5 13. Nxf5 Bxf5 14. Rxf5
Ne6 15. Qh5 Bc5+ 16. Kh1 Qe7 17. Bh6 Rb4 18. g3 Rg8 19. Raf1 Rg6 20. b3 Qd7 21.
Ne2 Re4 22. Nf4 Rxf4 23. R5xf4 Nxf4 24. Bxf4 h6 25. Bxh6 d4 26. Bf4 Qd5+ 27. Rf3
Be7 28. Kg2 Kd7 29. Qf5+ Kd8 30. Kf2 c5 31. h4 c4 32. h5 Ra6 33. h6 Rxa2 34. h7
Bf6 35. Qxf6+ Kd7 36. Qf5+ Kc6 37. h8=Q cxb3 38. Qe8+ Kb7 39. g4 Rxc2+ 40. Kg3
Rc3 41. Qfc8+ Kb6 42. Rxc3 dxc3 43. Be3+ 1-0

[Event "chess.com SpeedChess Q1Sw"]
[Site "chess.com INT"]
[Date "2022.11.10"]
[Round "2"]
[White "Kopylov, Alexander A."]
[Black "Deac, Bogdan-Daniel"]
[Result "0-1"]
[WhiteTitle "IM"]
[BlackTitle "GM"]
[WhiteElo "2397"]
[BlackElo "2700"]
[WhiteFideId "4164857"]
[BlackFideId "1226380"]
[EventDate "2022.11.10"]

1. d4 Nf6 2. Nf3 d5 3. g3 e6 4. Bg2 Be7 5. O-O O-O 6. a4 b6 7. a5 b5 8. b3 Bb7
9. Ne5 Nfd7 10. c4 bxc4 11. bxc4 Nxe5 12. dxe5 c6 13. Ba3 Ba6 14. Nd2 Nd7 15.
Bxe7 Qxe7 16. cxd5 exd5 17. Nf3 Nxe5 18. Re1 Rfd8 19. Qc2 Nc4 20. Nd4 Qf6 21. e3
Rac8 22. Bf1 c5 23. Nb3 Ne5 24. Nd2 Bxf1 25. Rxf1 c4 26. f4 Nd3 27. Nf3 Qe7 28.
Qd2 Re8 29. Nd4 Qxe3+ 30. Qxe3 Rxe3 31. Rab1 Re7 32. a6 Nc5 33. Rb5 g6 34. Rd1
Rec7 35. Nf3 c3 36. Rc1 Nxa6 37. Rxd5 Nb4 38. Ra5 Nd3 39. Rc2 Nb4 40. Rc1 c2 41.
Ne5 f6 42. Ra4 a5 43. Rxa5 fxe5 0-1